Catálogo
 En Linea

Panchito Gómez Toro : (Registro nro. 19057)

Detalles MARC
000 -CABECERA
campo de control de longitud fija 01167nam a2200265 a 4500
001 - NÚMERO DE CONTROL
campo de control 000019541
005 - FECHA Y HORA DE LA ÚLTIMA TRANSACCIÓN
campo de control 20250507132555.0
008 - DATOS DE LONGITUD FIJA--INFORMACIÓN GENERAL
campo de control de longitud fija 100630s2008 cu ac 000 0 spa d
020 ## - NÚMERO INTERNACIONAL ESTÁNDAR DEL LIBRO
Número Internacional Estándar del Libro 9789592105355
040 ## - FUENTE DE LA CATALOGACIÓN
Centro catalogador/agencia de origen DO-SdBNP
Lengua de catalogación spa
Centro/agencia transcriptor BNPHU
082 ## - NÚMERO DE LA CLASIFICACIÓN DECIMAL DEWEY
Número de clasificación 972.9105
Número de documento/Ítem P124p
049 ## - FONDOS LOCALES (OCLC)
Fondos de biblioteca BNPD
100 1# - ENTRADA PRINCIPAL--NOMBRE DE PERSONA
Nombre de persona Padrón Valdés, Abelardo H.
9 (RLIN) 41941
245 10 - MENCIÓN DE TÍTULO
Título Panchito Gómez Toro :
Resto del título lealtad probada /
Mención de responsabilidad, etc. Abelardo H. Padrón Valdés ; edición Lourdes Escalona Mariño ; corrección Belén M. Sardiñas Álvarez y Leonella López ; prólogo Jorge Ibarra Cuesta.
260 ## - PUBLICACIÓN, DISTRIBUCIÓN, ETC.
Lugar de publicación, distribución, etc. La Habana Vieja, Ciudad de La Habana :
Nombre del editor, distribuidor, etc. Abril,
Fecha de publicación, distribución, etc. 2008.
300 ## - DESCRIPCIÓN FÍSICA
Extensión 296 p. :
Otras características físicas retrs. ;
Dimensiones 23 cm.
504 ## - NOTA DE BIBLIOGRAFÍA, ETC.
Nota de bibliografía, etc. Incluye referencias bibliográficas y notas al pie de las páginas
600 14 - PUNTO DE ACCESO ADICIONAL DE MATERIA--NOMBRE DE PERSONA
Nombre de persona GÓMEZ TORO, PANCHITO
Fechas asociadas al nombre 1876-1896
Forma completa/desarrollada del nombre FRANCISCO GÓMEZ TORO
9 (RLIN) 41942
650 #4 - PUNTO DE ACCESO ADICIONAL DE MATERIA--TÉRMINO DE MATERIA
Término de materia o nombre geográfico como elemento de entrada Revolucionarios
Subdivisión geográfica Cuba
Subdivisión de forma BIOGRAFÍA
9 (RLIN) 41943
651 #4 - PUNTO DE ACCESO ADICIONAL DE MATERIA--NOMBRE GEOGRÁFICO
Nombre geográfico Cuba
Subdivisión general Historia
Subdivisión cronológica REVOLUCIÓN, 1895-1898
9 (RLIN) 3989
700 1# - PUNTO DE ACCESO ADICIONAL--NOMBRE DE PERSONA
Nombre de persona Escalona Mariño, Lourdes,
Término indicativo de función/relación ed.
9 (RLIN) 41944
700 1# - PUNTO DE ACCESO ADICIONAL--NOMBRE DE PERSONA
Nombre de persona Sardiñas Álvarez, Belén M.,
Término indicativo de función/relación corr.
9 (RLIN) 41945
700 1# - PUNTO DE ACCESO ADICIONAL--NOMBRE DE PERSONA
Nombre de persona López, Leonella,
Término indicativo de función/relación corr.
9 (RLIN) 41946
700 1# - PUNTO DE ACCESO ADICIONAL--NOMBRE DE PERSONA
Nombre de persona Ibarra Cuesta, Jorge
Fechas asociadas al nombre 1931-2017
Término indicativo de función/relación pról.
9 (RLIN) 41947
Existencias
Estado de retiro Estado de pérdida Restricciones de uso No para préstamo Código de colección Localización permanente Ubicación/localización actual Ubicación en estantería Fecha de adquisición Número de inventario Total de préstamos Signatura topográfica completa Código de barras Fecha visto por última vez Precio válido a partir de Tipo de ítem Koha
      Excluido de préstamo Monografías: Libros y Folletos General General En catalogación 30.06.2010 LF1   972.9105 P124p 19541-10 25.06.2020 25.06.2020 No se presta

Con tecnología Koha